Уведомление, рассылаемое ЦК членам партии, о решениях организационного съезда

Доступно только в Электронных читальных залах Найти на картеНа карте
RUSMARC
00004035nac2a22002891x 450
00159605335-d8fb-4dd7-a0bc-10c221e52fb7
00520131126215140.0
100##$a20130529l1905 k y0rusy50 ca
1010#$arus
102##$aRU
105##$ay z |||||
1220#$ad190510
1222#$ad19051012
$ad19051018
2001#$aУведомление, рассылаемое ЦК членам партии, о решениях организационного съезда
$j[Октябрь 1905]
215##$a2 листа
251##$cДело
300##$aЗаголовок дела на папке: Уведомление, рассылаемое членам партии, ЦК партии, о решениях Организационного съезда в Москве 12-18 октября, об уставе партии и партийных взносах
300##$aТипографский текст
330##$aI. Организационные и программные документы к.-д. партии (народной свободы)
461#0$10011d649a3b-ccdf-484e-a423-ec64c785c8ed
$12001
$aПартия народной свободы (кадеты)
$1251
$cФонд
$1852
$j523
462#0$10018b9e8422-dd9e-4ea7-b938-3dc971685134
$12001
$aПартия народной свободы (кадеты). 1905-1917 гг.
$1251
$cОпись
$1852
$j2
517##$aУведомление, рассылаемое членам партии, ЦК партии, о решениях Организационного съезда в Москве 12-18 октября, об уставе партии и партийных взносах
60102$3RU\NLR\AUTH\661232767
$aКонституционно-демократическая партия
60102$aПартия народной свободы. Организационный съезд (1905)
801#0$aRU
$bGA_RF
801#1$aRU
$bНПО Опыт
$c20130529
$2rusmarc
801#2$aRU
$bПБ им. Б.Н. Ельцина
$c20131126
$gRCR
$2rusmarc
852##$aГА РФ
$j55
937##$d42072560
$hПБ
035##$aRuPRLIB51000163
Формат отображения